| 000 | 01679cam a22004577a 4500 | ||
|---|---|---|---|
| 001 | 000091823 | ||
| 003 | CHAP | ||
| 005 | 20220329142824.0 | ||
| 008 | 040521d2004 mx r 00110 spa d | ||
| 010 | _a88290 | ||
| 011 | _a89262 | ||
| 035 | _a99813 | ||
| 040 | _cCHAP | ||
| 090 | _aTesis | ||
| 100 | 0 | 0 |
_aRivera Hinojosa, Rodolfo _997675 |
| 245 | 1 | 0 |
_aDefensa química en clones de papa (Solanum tuberosum L.) contra el tizón tardío (Phytophthora infestans Mont. De Bary) / _c/por Rodolfo Rivera Hinojosa. |
| 260 |
_aChapingo, Méx. : _bEl autor, _c2004. |
||
| 300 |
_a70 h. ; : _bgráfs. |
||
| 502 | _aTesis (M.C. en Horticultura) -- UACH. Departamento de Fitotecnia | ||
| 590 |
_aALEPH _b10 _c20130110 _lUCH01 _h1457 |
||
| 590 |
_aBATCH-UPD _b10 _c20130110 _lUCH01 _h0325 |
||
| 590 |
_aBATCH-UPD _b10 _c20130110 _lUCH01 _h1619 |
||
| 590 |
_aBATCH-UPD _b10 _c20130409 _lUCH01 _h2358 |
||
| 590 |
_aBATCH-UPD _b10 _c20130914 _lUCH01 _h0950 |
||
| 590 |
_aBATCH-UPD _b10 _c20140324 _lUCH01 _h1443 |
||
| 590 |
_aBATCH-UPD _b10 _c20141002 _lUCH01 _h0821 |
||
| 590 |
_aCONVERSION _b10 _c20130109 _lUCH01 _h1349 |
||
| 590 |
_aE5765TAJ _b10 _c20130626 _lUCH01 _h1300 |
||
| 650 | 1 | 4 |
_aClones. _923894 |
| 650 | 1 | 4 |
_aFenoles. _940041 |
| 650 | 1 | 4 |
_aPapa _xVariedades resistentes a enfermedades. _985301 |
| 650 | 1 | 4 |
_aPhytophthora infestans. _987925 |
| 650 | 1 | 4 |
_aTizón tardío de la papa. _9113451 |
| 856 |
_3Finding aid _uhttp://10.13.5.2/tesis/99813.pdf _zTeclea aquí |
||
| 901 | _aBK | ||
| 905 | _aAlejandra Carrasco M. | ||
| 942 | _cCD | ||
| 942 | _n0 | ||
| 949 |
_aTesis _bBC _cTES _d33724000922076 _eTS2 _fc.2 _h41793 _i99813 _si |
||
| 949 |
_aTesis _bBC _cTES _d998131 _eTS1 _h41792 _i99813 _st |
||
| 999 |
_c88290 _d88290 |
||